Boston Red Sox Players - Sudden Death - Statistics

General Stats
  • This quiz has been taken 159 times
  • The average score is 14 of 18
Answers on the Grid
Answers color-coded by a green-red scale on the quiz's grid according to % correct below.
Alex Rodriguez
Babe Ruth
Bill Buckner
Carl Yastrzemski
Carlton Fisk
Ceddanne Rafaela
Chris Sale
Curt Schilling
Cy Young
Dave Parker
Dennis Eckersley
Dustin Pedroia
Dwight Gooden
Francisco Lindor
Ichiro Suzuki
Jim Rice
Jose Canseco
Ken Griffey Jr.
Kyle Schwarber
Max Scherzer
Miguel Cabrera
Mike Piazza
Mookie Betts
Pedro Martinez
Rafael Devers
Roger Clemens
Ted Williams
Todd Frazier
Tony Gwynn
Willie McCovey
 
Answer Stats
Answer % Correct
Babe Ruth
94%
Carl Yastrzemski
92%
Chris Sale
89%
Curt Schilling
88%
Carlton Fisk
87%
Dustin Pedroia
87%
Bill Buckner
82%
Mookie Betts
82%
Pedro Martinez
82%
Rafael Devers
82%
Ted Williams
82%
Ceddanne Rafaela
79%
Roger Clemens
79%
Cy Young
75%
Kyle Schwarber
75%
Jim Rice
69%
Dennis Eckersley
68%
Jose Canseco
29%
No matching quizzes found
Score Distribution
Percent of People with Each Score
Percentile by Number Answered
Your Score History
You have not taken this quiz